| 000 | 01043cam a2200313 a 4500 | ||
|---|---|---|---|
| 001 | 14900144 | ||
| 005 | 20151111141611.0 | ||
| 008 | 070620t2008 flua frb 001 0 eng d | ||
| 010 | _a 2007025630 | ||
| 020 | _a9780849396441 (hardcover : alk. paper) | ||
| 020 | _a0849396441 (hardcover : alk. paper) | ||
| 035 | _a(OCoLC)ocn145939550 | ||
| 035 |
_a(OCoLC)145939550 _z(OCoLC)149650671 |
||
| 040 |
_aDNLM/DLC _beng _cDLC _dNLM _dBAKER _dBTCTA _dYDXCP _dC#P _dBWX _dDLC _dEG-ScBUE |
||
| 082 | 0 | 4 |
_a615.19 _bWAT _222 |
| 245 | 0 | 0 |
_aWater-insoluble drug formulation / _cedited by Rong Liu. |
| 250 | _a2nd ed. | ||
| 260 |
_aBoca Raton : _bCRC Press / Taylor & Francis Group, _cc.2008. |
||
| 300 |
_a669 p. : _bill. ; _c27 cm. |
||
| 500 | _aIndex : p. 663-669. | ||
| 504 | _aIncludes bibliographical references. | ||
| 650 | 0 |
_aSolutions (Pharmacy) _2BUEsh |
|
| 650 | 0 |
_aDrugs _xSolubility. _2BUEsh |
|
| 651 | _2BUEsh | ||
| 653 |
_bPPhrm _cNovember2015 |
||
| 655 |
_vReading book _934232 |
||
| 700 | 1 |
_aLiu, Rong, _d1956- _eeditor. |
|
| 942 | _2ddc | ||
| 999 |
_c21045 _d21017 |
||